| 000 | 00652nam a22001817a 4500 | ||
|---|---|---|---|
| 005 | 20251108174607.0 | ||
| 008 | 250721s1988 xx 000 0 ara d | ||
| 082 | 1 | 4 | _a956.04/مصر |
| 100 | 1 |
_aالمصري، جميل عبد الله محمد _eمؤلف |
|
| 245 | 1 | 0 | _aالموالي : موقف الدولة الأموية منهم / |
| 264 | 1 |
_aعمان : _bدار ام القرى للنشر و التوزيع، _c1988. |
|
| 300 | _a116 ص. | ||
| 490 | 0 |
_aبحوث في التاريخ الإسلامي _v1 |
|
| 650 | 1 | 7 | _aالتاريخ العربي الاسلامي |
| 650 | 1 | 7 | _aالعصر الاموي |
| 942 |
_2ddc _cBK |
||
| 999 |
_c113115 _d113115 |
||